[Event "36. Copenhagen Open (Politiken Cup)"]
[Site "Elsinore"]
[Date "2014.07.27"]
[Round "8"]
[White "Sorensen, Bernhard W"]
[Black "Dyrnes, Jussi"]
[Result "0-1"]
[WhiteElo "1628"]
[BlackElo "1834"]
[PlyCount "146"]
[EventDate "2014.07.21"]
[EventType "swiss"]
[EventRounds "10"]
[EventCountry "DEN"]
[Source "ChessBase"]
[SourceDate "2014.08.29"]

1. e4 e6 2. b3 c5 3. Bb2 Nc6 4. Nf3 d5 5. exd5 exd5 6. Bb5 a6 7. Bxc6+ bxc6 8.
O-O Nf6 9. Re1+ Be6 10. Ng5 Be7 11. Qe2 Bf5 12. d4 h6 13. Nf3 Ra7 14. Ne5 Qc7
15. Nd3 Bxd3 16. Qxd3 O-O 17. dxc5 Ne4 18. b4 a5 19. Nd2 f5 20. a3 Bh4 21. g3
Bg5 22. Nf3 Bf6 23. Nd4 Qd7 24. Rab1 f4 25. f3 Ng5 26. g4 axb4 27. axb4 Rb7 28.
c3 Nf7 29. Bc1 h5 30. gxh5 Ng5 31. Kh1 Bxd4 32. cxd4 Qh3 33. Rf1 Qxh5 34. Qe2
Re8 35. Qg2 Rbe7 36. Bxf4 Re2 37. Qg4 Qxg4 38. fxg4 Ne4 39. Kg1 g5 40. Be5 Nd2
41. Rb2 Nf3+ 42. Rxf3 Rxb2 43. Rf5 Ra8 44. Rxg5+ Kh7 45. Rg7+ Kh6 46. Rf7 Ra1+
47. Rf1 Rxf1+ 48. Kxf1 Rxb4 49. h4 Rb2 50. Kg1 Re2 51. g5+ Kg6 52. Bg3 Kh5 53.
Kf1 Ra2 54. Bf2 Kg4 55. Kg2 Rb2 56. Kf1 Kf3 57. Be1 Rg2 58. Ba5 Rh2 59. Ke1
Rxh4 60. Bc3 Ke3 61. Kd1 Rg4 62. Kc2 Rg2+ 63. Kb3 Kd3 64. Bb2 Rxg5 65. Ka4 Rg8
66. Ka5 Rb8 67. Ba1 Ra8+ 68. Kb6 Rxa1 69. Kxc6 Kxd4 70. Kd6 Kc4 71. c6 Ra6 72.
Kd7 Rxc6 73. Kxc6 d4 0-1

[Event "36. Copenhagen Open (Politiken Cup)"]
[Site "Elsinore"]
[Date "2014.07.27"]
[Round "8"]
[White "Sorensen, Dick"]
[Black "Andersen, Morten"]
[Result "1/2-1/2"]
[WhiteElo "1977"]
[BlackElo "2143"]
[PlyCount "81"]
[EventDate "2014.07.21"]
[EventType "swiss"]
[EventRounds "10"]
[EventCountry "DEN"]
[Source "ChessBase"]
[SourceDate "2014.08.29"]

1. c4 e5 2. Nc3 Nf6 3. g3 d5 4. cxd5 Nxd5 5. Bg2 Be6 6. Nf3 Nc6 7. O-O Be7 8.
d3 O-O 9. Bd2 h6 10. Nxd5 Bxd5 11. Bc3 Bf6 12. Qa4 Re8 13. e3 Rb8 14. a3 b5 15.
Qc2 a5 16. b4 axb4 17. axb4 e4 18. dxe4 Bxe4 19. Qb2 Bxc3 20. Qxc3 Qd3 21. Qxd3
Bxd3 22. Rfc1 Nxb4 23. Rxc7 Nd5 24. Rc5 Bc4 25. Nd4 Nf6 26. Rc7 Rec8 27. Raa7
Rxc7 28. Rxc7 Nd5 29. Rxc4 bxc4 30. Bxd5 c3 31. Bb3 g5 32. h3 Kg7 33. Kg2 Ra8
34. Kf3 Ra1 35. Bc2 Kf6 36. Ke2 Ke5 37. Kd3 Rh1 38. Nf3+ Kf6 39. Kxc3 Rxh3 40.
Kd2 h5 41. Ke2 1/2-1/2

[Event "36. Copenhagen Open (Politiken Cup)"]
[Site "Elsinore"]
[Date "2014.07.27"]
[Round "8"]
[White "Starup, Leo"]
[Black "Plata Fernandez, Diego"]
[Result "1/2-1/2"]
[WhiteElo "1594"]
[BlackElo "1745"]
[PlyCount "111"]
[EventDate "2014.07.21"]
[EventType "swiss"]
[EventRounds "10"]
[EventCountry "DEN"]
[Source "ChessBase"]
[SourceDate "2014.08.29"]

1. d4 f5 2. c4 Nf6 3. Nc3 g6 4. g3 Bg7 5. Bg2 O-O 6. Nf3 d6 7. O-O Re8 8. b3 c6
9. a4 a5 10. Ba3 Na6 11. Rc1 Nb4 12. d5 e5 13. dxe6 Bxe6 14. e3 Rc8 15. Nd4 Bf7
16. Bxb4 axb4 17. Nce2 d5 18. c5 Ne4 19. Qc2 Qa5 20. Bxe4 Rxe4 21. Qd2 Rce8 22.
Nf4 Bxd4 23. exd4 g5 24. Ng2 h6 25. Rfe1 Bh5 26. Rxe4 Rxe4 27. Re1 b6 28. Rxe4
fxe4 29. cxb6 Qxb6 30. h4 c5 31. dxc5 Qxc5 32. hxg5 d4 33. gxh6 Kh7 34. Nf4 Qc3
35. Qa2 Bd1 36. Ne2 Qd3 37. Nf4 Qc3 38. Qb1 Qe1+ 39. Kh2 Qxf2+ 40. Kh3 Qf1+ 41.
Kh2 Qf2+ 42. Kh3 Qc2 43. Qa1 Qc8+ 44. Kh2 Qc2+ 45. Kh3 Qd2 46. a5 e3 47. a6 e2
48. Nxe2 Qxh6+ 49. Kg2 Bxe2 50. a7 Qc6+ 51. Kh2 Ba6 52. a8=Q Qxa8 53. Qxd4 Qc6
54. Qxb4 Bb7 55. Qh4+ Kg8 56. Qc4+ 1/2-1/2

[Event "36. Copenhagen Open (Politiken Cup)"]
[Site "Elsinore"]
[Date "2014.07.27"]
[Round "8"]
[White "Strachan, Christian C"]
[Black "Pedersen, Carl Aage"]
[Result "1-0"]
[WhiteElo "1918"]
[BlackElo "1769"]
[PlyCount "37"]
[EventDate "2014.07.21"]
[EventType "swiss"]
[EventRounds "10"]
[EventCountry "DEN"]
[Source "ChessBase"]
[SourceDate "2014.08.29"]

1. e4 g6 2. d4 d6 3. c4 Bg7 4. Nc3 e6 5. Be3 Ne7 6. Qd2 a6 7. Nf3 c6 8. Rd1 O-O
9. Be2 b5 10. a3 Nd7 11. O-O Bb7 12. Bh6 f6 13. Bxg7 Kxg7 14. d5 exd5 15. exd5
bxc4 16. dxc6 Bxc6 17. Qxd6 Nb6 18. Qc5 Qc7 19. Nd4 1-0

[Event "36. Copenhagen Open (Politiken Cup)"]
[Site "Elsinore"]
[Date "2014.07.27"]
[Round "8"]
[White "Stuhr, Finn"]
[Black "Schjolin, John"]
[Result "1-0"]
[WhiteElo "1800"]
[BlackElo "1317"]
[PlyCount "55"]
[EventDate "2014.07.21"]
[EventType "swiss"]
[EventRounds "10"]
[EventCountry "DEN"]
[Source "ChessBase"]
[SourceDate "2014.08.29"]

1. e4 c6 2. Bc4 d5 3. Bb3 e5 4. c3 Bd6 5. exd5 c5 6. d3 Nf6 7. Bg5 O-O 8. Nd2
Re8 9. Ne4 Be7 10. Bxf6 Bxf6 11. Nxc5 Qc7 12. Ne4 Bf5 13. Nxf6+ gxf6 14. Qf3
Qd7 15. Ne2 Na6 16. Ng3 Bg6 17. Ne4 f5 18. Nf6+ Kh8 19. Nxd7 Kg7 20. h4 h5 21.
O-O-O Rac8 22. Rde1 Nc5 23. Nxc5 Rxc5 24. d4 e4 25. dxc5 exf3 26. Rxe8 f6 27.
Re7+ Kf8 28. d6 1-0

[Event "36. Copenhagen Open (Politiken Cup)"]
[Site "Elsinore"]
[Date "2014.07.27"]
[Round "8"]
[White "Stuhr, Peter Sebastian"]
[Black "Kaasen, Tor Fredrik"]
[Result "0-1"]
[WhiteElo "1965"]
[BlackElo "1676"]
[PlyCount "121"]
[EventDate "2014.07.21"]
[EventType "swiss"]
[EventRounds "10"]
[EventCountry "DEN"]
[Source "ChessBase"]
[SourceDate "2014.08.29"]

1. e4 c5 2. Nc3 Nc6 3. f4 e6 4. Nf3 d5 5. Bb5 d4 6. Bxc6+ bxc6 7. Na4 Nf6 8.
Qe2 Qc7 9. O-O Qxf4 10. d3 Qc7 11. Ng5 Bd6 12. h3 h6 13. Nf3 Be7 14. b3 e5 15.
Ba3 Nd7 16. Qf2 O-O 17. Nh4 g6 18. Qg3 Kh7 19. Nf3 f6 20. Nxd4 cxd4 21. Bxe7
Rf7 22. Bb4 Nb6 23. Nc5 a5 24. Bd2 g5 25. Rf2 Qd6 26. b4 axb4 27. Nb3 Be6 28.
Raf1 Raf8 29. Qf3 Kg6 30. g4 Ra7 31. h4 Raf7 32. Qh3 h5 33. gxh5+ Kxh5 34. Rf5
Bxf5 35. exf5 g4 36. Qg3 Nd5 37. Qe1 c5 38. Rf2 Nf4 39. Kh2 Rg7 40. Kg3 Re8 41.
Qe4 Ra7 42. Nc1 Qd5 43. Qe1 Nh3 44. Rf1 e4 45. Qe2 Rg7 46. Bg5 Rxg5 47. hxg5
Qe5+ 48. Kg2 Nf4+ 49. Rxf4 Qxf4 50. gxf6 Qf3+ 51. Qxf3 exf3+ 52. Kg3 Rf8 53.
Nb3 Rxf6 54. Nxc5 Rxf5 55. Ne4 f2 56. Nxf2 Rxf2 57. Kxf2 Kh4 58. Kg2 g3 59. Kg1
Kh3 60. Kh1 g2+ 61. Kg1 0-1

[Event "36. Copenhagen Open (Politiken Cup)"]
[Site "Elsinore"]
[Date "2014.07.27"]
[Round "8"]
[White "Subramanian, Aditya"]
[Black "Thaler, Toni"]
[Result "1-0"]
[WhiteElo "1938"]
[BlackElo "2081"]
[PlyCount "63"]
[EventDate "2014.07.21"]
[EventType "swiss"]
[EventRounds "10"]
[EventCountry "DEN"]
[Source "ChessBase"]
[SourceDate "2014.08.29"]

1. d4 Nf6 2. Nf3 e6 3. e3 b6 4. Bd3 Bb7 5. O-O Be7 6. b3 O-O 7. Bb2 Ne4 8. Nbd2
f5 9. c4 c5 10. Qc2 d5 11. cxd5 exd5 12. Ne5 Na6 13. Nc6 Bxc6 14. Bxa6 b5 15.
Nxe4 fxe4 16. dxc5 Bf6 17. b4 Rb8 18. Rab1 Qd7 19. Qe2 Bxb2 20. Rxb2 d4 21.
exd4 Qxd4 22. Rd1 Qc3 23. a4 bxa4 24. Qc4+ Qxc4 25. Bxc4+ Kh8 26. b5 a6 27.
bxc6 Rxb2 28. c7 e3 29. fxe3 a3 30. h3 a2 31. Bxa2 Rxa2 32. Rd8 1-0

[Event "36. Copenhagen Open (Politiken Cup)"]
[Site "Elsinore"]
[Date "2014.07.27"]
[Round "8"]
[White "Svane, Frederik"]
[Black "Preuss, Flemming"]
[Result "0-1"]
[WhiteElo "1824"]
[BlackElo "2015"]
[PlyCount "116"]
[EventDate "2014.07.21"]
[EventType "swiss"]
[EventRounds "10"]
[EventCountry "DEN"]
[Source "ChessBase"]
[SourceDate "2014.08.29"]

1. e4 d5 2. exd5 Qxd5 3. Nc3 Qd6 4. d4 Nf6 5. g3 c6 6. Bg2 e6 7. Nf3 Nbd7 8.
O-O Be7 9. Qd3 Nb6 10. Bf4 Qd8 11. Be5 Nbd5 12. a3 b6 13. Ne4 Bb7 14. c4 Nxe4
15. Bxg7 Rg8 16. cxd5 cxd5 17. Be5 f6 18. Bf4 Rg7 19. Rac1 Bd6 20. Bh6 Rc7 21.
Bh3 Qd7 22. Rxc7 Bxc7 23. Re1 O-O-O 24. Nd2 Kb8 25. f3 Nxd2 26. Bxe6 Nxf3+ 27.
Qxf3 Qb5 28. Qe2 Qa4 29. Bf5 Qxd4+ 30. Qf2 Be5 31. Re2 Qd1+ 32. Re1 Qa4 33.
Bxh7 d4 34. Bd3 Qd7 35. Bf4 Qd6 36. Qd2 Rg8 37. Kf1 a6 38. Be4 Rd8 39. Kf2 Ka7
40. Kf3 Bxe4+ 41. Kxe4 b5 42. Kf3 Qd5+ 43. Kf2 Kb7 44. Qd3 Kb6 45. Qf3 Qd6 46.
Qe4 Re8 47. Qg6 Re6 48. Qf5 Qd5 49. Qe4 Kc5 50. b4+ Kd6 51. Qxd5+ Kxd5 52. Kf3
Rc6 53. Rc1 Rc4 54. h4 Bxf4 55. Rxc4 Kxc4 56. gxf4 d3 57. h5 Kc3 58. h6 d2 0-1

[Event "36. Copenhagen Open (Politiken Cup)"]
[Site "Elsinore"]
[Date "2014.07.27"]
[Round "8"]
[White "Svedberg, Hans"]
[Black "Nordin, Eric"]
[Result "1-0"]
[WhiteElo "1997"]
[BlackElo "1852"]
[PlyCount "133"]
[EventDate "2014.07.21"]
[EventType "swiss"]
[EventRounds "10"]
[EventCountry "DEN"]
[Source "ChessBase"]
[SourceDate "2014.08.29"]

1. e4 d6 2. d4 Nf6 3. Nc3 g6 4. Bg5 c6 5. f4 Bg4 6. Nf3 Nbd7 7. e5 h6 8. Bh4
dxe5 9. fxe5 Nd5 10. Nxd5 cxd5 11. h3 Qa5+ 12. c3 Bf5 13. Bd3 Bxd3 14. Qxd3 g5
15. Bg3 e6 16. O-O Be7 17. Nd2 h5 18. Kh1 g4 19. Qe3 Qd8 20. Qf2 Rh7 21. c4
dxc4 22. Nxc4 h4 23. Bf4 Nb6 24. Qc2 Rh8 25. Nxb6 axb6 26. Qe4 gxh3 27. gxh3
Qd5 28. Qxd5 exd5 29. a3 Rc8 30. Rac1 Rc6 31. Bd2 Rg8 32. Rf3 Rcg6 33. Rcf1 Rg3
34. Be1 Rg2 35. Bf2 R8g7 36. Rb3 Bd8 37. Rb5 Bc7 38. Bxh4 Rd2 39. Bf2 Ke7 40.
Rb3 Ke6 41. Rc3 Kd7 42. b4 Bd8 43. Rf3 Ra2 44. Rg1 Rxg1+ 45. Kxg1 Ke6 46. h4 f6
47. exf6 Bxf6 48. h5 Rc2 49. h6 Rc7 50. Be3 Rh7 51. Kg2 Be7 52. Kh3 Rh8 53. Rf1
Bf8 54. Rg1 Kf7 55. Rf1+ Kg6 56. Rg1+ Kf7 57. Rc1 Bxh6 58. Rc7+ Kg6 59. Bxh6
Rxh6+ 60. Kg4 Rh1 61. Rxb7 Ra1 62. Rxb6+ Kf7 63. Ra6 Rd1 64. Kf5 Rxd4 65. Ra7+
Kf8 66. b5 Rd1 67. b6 1-0

[Event "36. Copenhagen Open (Politiken Cup)"]
[Site "Elsinore"]
[Date "2014.07.27"]
[Round "8"]
[White "Taksrud, Vidar"]
[Black "Thuesen, Mogens Henrik"]
[Result "0-1"]
[WhiteElo "2024"]
[BlackElo "2196"]
[PlyCount "78"]
[EventDate "2014.07.21"]
[EventType "swiss"]
[EventRounds "10"]
[EventCountry "DEN"]
[Source "ChessBase"]
[SourceDate "2014.08.29"]

1. Nc3 c5 2. Nf3 Nc6 3. d4 cxd4 4. Nxd4 e6 5. e4 Nf6 6. Be2 Bb4 7. Nxc6 bxc6 8.
Qd3 a5 9. O-O Ba6 10. Qe3 d5 11. exd5 cxd5 12. Bxa6 Rxa6 13. Qd3 Rc6 14. Ne2
O-O 15. c3 Bd6 16. f3 Qb8 17. Kh1 a4 18. Rb1 Nd7 19. f4 Nc5 20. Qh3 Qb5 21. Qf3
Qc4 22. Be3 Qxa2 23. Bd4 Rb8 24. Qg4 Bf8 25. Ng3 f5 26. Qe2 Ne4 27. Nxe4 dxe4
28. Ra1 Qc4 29. Qxc4 Rxc4 30. Ra2 Bc5 31. Be5 Rd8 32. Raa1 e3 33. Rfe1 Rd2 34.
b3 axb3 35. Ra8+ Kf7 36. Rc8 e2 37. Rc7+ Be7 38. Rxc4 Rd1 39. Kg1 b2 0-1

[Event "36. Copenhagen Open (Politiken Cup)"]
[Site "Elsinore"]
[Date "2014.07.27"]
[Round "8"]
[White "Tallaksen, Henrik G"]
[Black "Jacobsen, Per"]
[Result "1/2-1/2"]
[WhiteElo "1771"]
[BlackElo "1655"]
[PlyCount "50"]
[EventDate "2014.07.21"]
[EventType "swiss"]
[EventRounds "10"]
[EventCountry "DEN"]
[Source "ChessBase"]
[SourceDate "2014.08.29"]

1. e4 Nf6 2. e5 Nd5 3. d4 d6 4. c4 Nb6 5. exd6 cxd6 6. Nc3 Nc6 7. Be3 g6 8. Rc1
Bg7 9. b3 Bf5 10. Nf3 O-O 11. Bd3 Bg4 12. Be2 Rc8 13. O-O a6 14. Qd2 Re8 15. h3
Bd7 16. Rfd1 e6 17. c5 dxc5 18. dxc5 Bxc3 19. Rxc3 Nd5 20. Rcc1 Nxe3 21. Qxe3
Rc7 22. Qh6 Qf6 23. Rd2 Ne5 24. Rcd1 Nxf3+ 25. Bxf3 Bb5 1/2-1/2

[Event "36. Copenhagen Open (Politiken Cup)"]
[Site "Elsinore"]
[Date "2014.07.27"]
[Round "8"]
[White "Tari, Aryan"]
[Black "Haugli, Petter"]
[Result "1/2-1/2"]
[WhiteElo "2412"]
[BlackElo "2286"]
[PlyCount "72"]
[EventDate "2014.07.21"]
[EventType "swiss"]
[EventRounds "10"]
[EventCountry "DEN"]
[Source "ChessBase"]
[SourceDate "2014.08.29"]

1. c4 Nf6 2. d4 g6 3. g3 Bg7 4. Bg2 O-O 5. Nc3 d6 6. Nf3 Nc6 7. O-O a6 8. Bf4
Bf5 9. d5 Na5 10. b3 Ne4 11. Nxe4 Bxe4 12. Rc1 c5 13. dxc6 Nxc6 14. Qd2 Qa5 15.
Qxa5 Nxa5 16. Bd2 Nc6 17. Bc3 Bxf3 18. Bxf3 Bxc3 19. Rxc3 Nd4 20. Bg4 h5 21.
Rd1 hxg4 22. Rxd4 f5 23. c5 dxc5 24. Rxc5 Rac8 25. Rdc4 Rxc5 26. Rxc5 Kf7 27.
e4 Ke6 28. Rc7 Rb8 29. e5 a5 30. Kg2 g5 31. f4 gxf4 32. gxf4 Rd8 33. Rxb7 Rd2+
34. Kg3 Rxa2 35. h3 gxh3 36. Kxh3 a4 1/2-1/2

[Event "36. Copenhagen Open (Politiken Cup)"]
[Site "Elsinore"]
[Date "2014.07.27"]
[Round "8"]
[White "Thogersen, Rasmus"]
[Black "Louis, Thibault"]
[Result "1-0"]
[WhiteElo "2089"]
[BlackElo "2249"]
[PlyCount "91"]
[EventDate "2014.07.21"]
[EventType "swiss"]
[EventRounds "10"]
[EventCountry "DEN"]
[Source "ChessBase"]
[SourceDate "2014.08.29"]

1. e4 e6 2. d4 d5 3. Nc3 Nf6 4. e5 Nfd7 5. f4 c5 6. Nf3 Nc6 7. Be3 cxd4 8. Nxd4
Bc5 9. Qd2 O-O 10. O-O-O a6 11. h4 Bxd4 12. Bxd4 b5 13. h5 b4 14. Ne2 a5 15. g4
a4 16. Kb1 Ba6 17. Nc1 Qc7 18. g5 Rfc8 19. Rh2 Nxd4 20. Qxd4 Bxf1 21. Rxf1 Qc4
22. Rd1 Ra6 23. b3 axb3 24. cxb3 Qc7 25. Nd3 Rc6 26. Qxb4 Qa7 27. Rc1 Rxc1+ 28.
Nxc1 Rxc1+ 29. Kxc1 Qg1+ 30. Kb2 Qxh2+ 31. Ka3 Qc2 32. Qd6 Qc1+ 33. Ka4 Qxf4+
34. Kb5 Qf1+ 35. Ka5 Qe1+ 36. b4 Nf8 37. Ka6 Qe2+ 38. b5 Qxa2+ 39. Kb7 Qa4 40.
b6 Qd7+ 41. Ka8 Qc8+ 42. Ka7 Nd7 43. b7 Qd8 44. Ka6 d4 45. Qxd7 Qf8 46. Qc8 1-0

[Event "36. Copenhagen Open (Politiken Cup)"]
[Site "Elsinore"]
[Date "2014.07.27"]
[Round "8"]
[White "Thorsbro, Peter"]
[Black "Ikeda, Junta"]
[Result "0-1"]
[WhiteElo "2216"]
[BlackElo "2402"]
[PlyCount "86"]
[EventDate "2014.07.21"]
[EventType "swiss"]
[EventRounds "10"]
[EventCountry "DEN"]
[Source "ChessBase"]
[SourceDate "2014.08.29"]

1. d4 Nf6 2. c4 e6 3. Nc3 Bb4 4. e3 b6 5. Nge2 Bb7 6. a3 Bd6 7. d5 c6 8. e4 Qe7
9. g3 b5 10. dxc6 dxc6 11. cxb5 cxb5 12. Nxb5 Nxe4 13. Bg2 a6 14. Bxe4 axb5 15.
Bxb7 Qxb7 16. O-O Be7 17. Bd2 O-O 18. Bc3 Rd8 19. Qb3 Na6 20. Nd4 Rd5 21. Rad1
Rad8 22. Qc2 Qd7 23. Rd2 Bg5 24. f4 e5 25. fxg5 exd4 26. Ba5 Re8 27. Qd1 Nc5
28. Re2 Rxe2 29. Qxe2 Rxg5 30. Bb6 Ne6 31. Qe4 Rd5 32. Rd1 g6 33. Rd3 Ng5 34.
Qe2 Qc6 35. Ba5 Rf5 36. g4 Rf6 37. Bd8 Re6 38. Qd1 Qe8 39. Ba5 Re2 40. Qf1 Qe4
41. Rg3 d3 42. Qf6 Nh3+ 43. Rxh3 Qg2# 0-1

[Event "36. Copenhagen Open (Politiken Cup)"]
[Site "Elsinore"]
[Date "2014.07.27"]
[Round "8"]
[White "Thybo, Thomas Sondergaard"]
[Black "Thomsen, Kim"]
[Result "1-0"]
[WhiteElo "1525"]
[BlackElo "1994"]
[PlyCount "59"]
[EventDate "2014.07.21"]
[EventType "swiss"]
[EventRounds "10"]
[EventCountry "DEN"]
[Source "ChessBase"]
[SourceDate "2014.08.29"]

1. e4 c5 2. Nf3 Nc6 3. d4 cxd4 4. Nxd4 Nf6 5. Nc3 e5 6. Nb3 Bb4 7. Bd3 d5 8.
Bg5 d4 9. a3 Ba5 10. Nxa5 Qxa5 11. b4 Nxb4 12. axb4 Qxb4 13. O-O Qxc3 14. Bxf6
gxf6 15. f4 a6 16. fxe5 fxe5 17. Qh5 Qc7 18. Rf6 Rf8 19. Raf1 b5 20. Qxh7 Ra7
21. Qg7 Qe7 22. h4 Be6 23. h5 Kd7 24. h6 Raa8 25. h7 Kd6 26. Rh6 Rh8 27. Rxf7
Qd8 28. Rff6 Qb8 29. Rxe6+ Kc5 30. Qe7+ 1-0

[Event "36. Copenhagen Open (Politiken Cup)"]
[Site "Elsinore"]
[Date "2014.07.27"]
[Round "8"]
[White "Tretvold, Martin"]
[Black "Neu, Alexandre"]
[Result "1-0"]
[WhiteElo "1857"]
[BlackElo "1760"]
[PlyCount "65"]
[EventDate "2014.07.21"]
[EventType "swiss"]
[EventRounds "10"]
[EventCountry "DEN"]
[Source "ChessBase"]
[SourceDate "2014.08.29"]

1. c4 Nf6 2. g3 g6 3. Bg2 Bg7 4. Nc3 d6 5. e4 O-O 6. Nge2 e5 7. O-O Nh5 8. d3
Nc6 9. Be3 f5 10. f4 Nf6 11. h3 Be6 12. Qd2 Qd7 13. Kh2 Nd8 14. b3 c6 15. d4
Nxe4 16. Nxe4 fxe4 17. d5 cxd5 18. cxd5 Bf7 19. Rae1 Kh8 20. Bxe4 exf4 21. gxf4
Bg8 22. Nd4 Re8 23. Qd3 Qe7 24. Bf2 Qf6 25. Nf3 Qc3 26. Qd1 Nf7 27. Nd4 Nh6 28.
Nb5 Qa5 29. Nxd6 Rxe4 30. Rxe4 Bxd5 31. Ra4 Bxb3 32. Rxa5 Bxd1 33. Rxd1 1-0

[Event "36. Copenhagen Open (Politiken Cup)"]
[Site "Elsinore"]
[Date "2014.07.27"]
[Round "8"]
[White "Tryggestad, Andreas Garberg"]
[Black "Wilen, Eero"]
[Result "1/2-1/2"]
[WhiteElo "1912"]
[BlackElo "2087"]
[PlyCount "65"]
[EventDate "2014.07.21"]
[EventType "swiss"]
[EventRounds "10"]
[EventCountry "DEN"]
[Source "ChessBase"]
[SourceDate "2014.08.29"]

1. e4 e5 2. Nf3 Nc6 3. Bb5 a6 4. Bxc6 dxc6 5. O-O f6 6. d4 exd4 7. Nxd4 c5 8.
Ne2 Qxd1 9. Rxd1 Bd7 10. Bf4 O-O-O 11. Nbc3 Ne7 12. Nd5 Nxd5 13. Rxd5 Be6 14.
Rxd8+ Kxd8 15. Rd1+ Kc8 16. Nc3 Be7 17. Nd5 Bxd5 18. Rxd5 Rd8 19. Rxd8+ Kxd8
20. f3 Kd7 21. Kf2 Kc6 22. g4 c4 23. h4 g6 24. g5 Kd7 25. Ke3 c5 26. c3 Ke6 27.
gxf6 Bxf6 28. Bg5 Bg7 29. h5 h6 30. Bd8 g5 31. f4 gxf4+ 32. Kxf4 b5 33. Ke3
1/2-1/2

[Event "36. Copenhagen Open (Politiken Cup)"]
[Site "Elsinore"]
[Date "2014.07.27"]
[Round "8"]
[White "Yilmaz, Kazim"]
[Black "Nielsen, Jens Holm"]
[Result "0-1"]
[WhiteElo "1637"]
[BlackElo "1802"]
[PlyCount "104"]
[EventDate "2014.07.21"]
[EventType "swiss"]
[EventRounds "10"]
[EventCountry "DEN"]
[Source "ChessBase"]
[SourceDate "2014.08.29"]

1. d4 Nc6 2. d5 Ne5 3. Nf3 Nxf3+ 4. exf3 c6 5. dxc6 bxc6 6. Bd3 g6 7. O-O Nf6
8. Nc3 Bg7 9. Bg5 O-O 10. Qd2 Rb8 11. Rab1 Qa5 12. Bh6 Re8 13. Bxg7 Kxg7 14. a3
d5 15. Ne4 Qxd2 16. Nxd2 Bf5 17. Bxf5 gxf5 18. f4 Ne4 19. Nxe4 fxe4 20. f3 e3
21. Rfd1 e5 22. f5 Kf6 23. g4 Kg5 24. Kf1 h5 25. h3 Rh8 26. Kg2 Kf4 27. c3 hxg4
28. hxg4 e2 29. Re1 Ke3 30. Kg3 d4 31. cxd4 exd4 32. b4 d3 33. Rb3 Kd2 34. Reb1
Rbe8 35. R1b2+ Kc1 36. Rb1+ Kd2 37. R1b2+ Ke3 38. Rb1 Kd4 39. Re1 d2 40. Rbb1
dxe1=Q+ 41. Rxe1 Re3 42. Kf4 Rh3 43. Kg5 Ke5 44. a4 f6+ 45. Kg6 Rhxf3 46. g5
fxg5 47. f6 Rxf6+ 48. Kxg5 Rf1 49. Rxe2 Rxe2 50. Kg4 Rg2+ 51. Kh3 Rg7 52. b5
Rh1# 0-1

[Event "36. Copenhagen Open (Politiken Cup)"]
[Site "Elsinore"]
[Date "2014.07.27"]
[Round "8"]
[White "Zude, Erik"]
[Black "Olofsson Dolk, Mattis"]
[Result "1-0"]
[WhiteElo "2381"]
[BlackElo "2143"]
[PlyCount "91"]
[EventDate "2014.07.21"]
[EventType "swiss"]
[EventRounds "10"]
[EventCountry "DEN"]
[Source "ChessBase"]
[SourceDate "2014.08.29"]

1. e4 c5 2. Nf3 d6 3. d4 cxd4 4. Nxd4 Nf6 5. Nc3 a6 6. Be2 e5 7. Nb3 Be7 8. Be3
Be6 9. O-O O-O 10. Qd3 Nbd7 11. Nd5 Bxd5 12. exd5 Nc5 13. Nxc5 dxc5 14. c4 Ne8
15. Rae1 f5 16. f3 b6 17. Bd1 Nd6 18. Kh1 Bf6 19. b3 Qe7 20. Bc2 g6 21. Qe2 a5
22. Bf2 Rae8 23. Qd1 Qd8 24. Re2 a4 25. b4 cxb4 26. Bxa4 Re7 27. c5 bxc5 28.
Bxc5 e4 29. fxe4 fxe4 30. Bxb4 Be5 31. g3 Qc8 32. Kg2 Ref7 33. Rxf7 Rxf7 34.
Bxd6 Bxd6 35. Rxe4 Qf5 36. Qe2 Kg7 37. Bb3 h5 38. Bc4 Rb7 39. Bb3 h4 40. Rxh4
Re7 41. Qd2 g5 42. Bc2 Qe5 43. Re4 Qf6 44. Rg4 Kf8 45. Rxg5 Bb4 46. Qf2 1-0

[Event "36. Copenhagen Open (Politiken Cup)"]
[Site "Elsinore"]
[Date "2014.07.28"]
[Round "9"]
[White "Abrahamyan, Tatev"]
[Black "Hinrichs, Jan"]
[Result "0-1"]
[WhiteElo "2366"]
[BlackElo "2124"]
[PlyCount "50"]
[EventDate "2014.07.21"]
[EventType "swiss"]
[EventRounds "10"]
[EventCountry "DEN"]
[Source "ChessBase"]
[SourceDate "2014.08.29"]

1. e4 c5 2. Nf3 d6 3. d4 cxd4 4. Nxd4 Nf6 5. Nc3 a6 6. f3 e6 7. Be3 b5 8. Qd2
b4 9. Na4 Nbd7 10. Nc6 Qc7 11. Nxb4 Qa5 12. b3 d5 13. c3 dxe4 14. O-O-O Bb7 15.
Bc4 Rc8 16. Qe2 Bxb4 17. cxb4 Qxb4 18. Kb1 O-O 19. f4 Nd5 20. Bxd5 Bxd5 21. Bd4
Rc4 22. Qe3 Rfc8 23. f5 Rc2 24. Nb2 e5 25. Ba7 Qa3 0-1

[Event "36. Copenhagen Open (Politiken Cup)"]
[Site "Elsinore"]
[Date "2014.07.28"]
[Round "9"]
[White "Alle, Ambjorn"]
[Black "Olsen, Michael Richard W"]
[Result "1-0"]
[WhiteElo "2196"]
[BlackElo "1990"]
[PlyCount "143"]
[EventDate "2014.07.21"]
[EventType "swiss"]
[EventRounds "10"]
[EventCountry "DEN"]
[Source "ChessBase"]
[SourceDate "2014.08.29"]

1. Nf3 d5 2. c4 c6 3. d4 e6 4. e3 Nf6 5. b3 Bd6 6. Bd3 Nbd7 7. Bb2 Qe7 8. Ne5
Bb4+ 9. Nd2 Nxe5 10. dxe5 Nd7 11. O-O Ba3 12. Bxa3 Qxa3 13. f4 Qe7 14. Nf3 Nf8
15. Qd2 Bd7 16. b4 Ng6 17. e4 dxc4 18. Bxc4 O-O 19. g3 b5 20. Bb3 Rfd8 21. Qc3
a5 22. a3 Nh8 23. Rfd1 Be8 24. Ne1 a4 25. Ba2 Rxd1 26. Rxd1 Rd8 27. Rd4 Qa7 28.
Nc2 Ng6 29. Kf2 Ne7 30. Ke3 Rxd4 31. Qxd4 Qa8 32. Ne1 Ng6 33. Nd3 Nf8 34. Nc5
Qc8 35. Qd6 h5 36. h3 g6 37. g4 hxg4 38. hxg4 Kg7 39. Qe7 Kg8 40. Kf3 Kg7 41.
Kg2 Kg8 42. Kh3 Bd7 43. f5 Qe8 44. Qxe8 Bxe8 45. fxe6 fxe6 46. Bxe6+ Nxe6 47.
Nxe6 g5 48. Kg3 Kf7 49. Nxg5+ Ke7 50. Nf3 c5 51. Ne1 cxb4 52. axb4 Ke6 53. Kf4
Bg6 54. Nc2 Ke7 55. Na3 Be8 56. Ke3 Ke6 57. Kd4 Bc6 58. g5 Be8 59. g6 Bd7 60.
g7 Kf7 61. Kd5 Kxg7 62. Kd6 Be8 63. Ke7 Bc6 64. e6 Kg8 65. e5 Kg7 66. Kd8 Kf8
67. e7+ Kf7 68. e6+ Kxe6 69. e8=Q+ Bxe8 70. Kxe8 Kd5 71. Kd7 Kd4 72. Kc6 1-0

[Event "36. Copenhagen Open (Politiken Cup)"]
[Site "Elsinore"]
[Date "2014.07.28"]
[Round "9"]
[White "Andersen, Claus"]
[Black "Tolba, Henri"]
[Result "1/2-1/2"]
[WhiteElo "1774"]
[BlackElo "1675"]
[PlyCount "136"]
[EventDate "2014.07.21"]
[EventType "swiss"]
[EventRounds "10"]
[EventCountry "DEN"]
[Source "ChessBase"]
[SourceDate "2014.08.29"]

1. d4 Nf6 2. c4 g6 3. Nc3 d5 4. cxd5 Nxd5 5. e4 Nxc3 6. bxc3 Bg7 7. Bc4 c5 8.
Ne2 Nc6 9. Be3 cxd4 10. cxd4 O-O 11. O-O e6 12. Rc1 Qe7 13. Qd2 Rd8 14. Rfd1
Ne5 15. Qa5 b6 16. Qa4 Nxc4 17. Rxc4 Qb7 18. Qc2 Qb8 19. Bf4 e5 20. dxe5 Rxd1+
21. Qxd1 Be6 22. Rc2 Bxe5 23. g3 Bg4 24. Qd5 Bxf4 25. Nxf4 Qd8 26. Rd2 Qxd5 27.
exd5 g5 28. Nd3 f6 29. Kg2 a5 30. h4 h6 31. hxg5 hxg5 32. f4 Rd8 33. Nf2 Bf5
34. d6 gxf4 35. g4 Bd7 36. Kf3 Kf7 37. Kxf4 Rc8 38. Re2 Rc4+ 39. Kg3 Rc3+ 40.
Kf4 Rc4+ 41. Kg3 Be6 42. Rd2 Ke8 43. Rb2 Rb4 44. Rd2 Kd7 45. Kf3 Ra4 46. Ne4
Bxg4+ 47. Ke3 f5 48. Nf6+ Kd8 49. Nd5 Re4+ 50. Kf2 b5 51. Nc3 Rf4+ 52. Ke3 Rf3+
53. Kd4 b4 54. Nb5 Kd7 55. Rc2 Rf4+ 56. Kc5 Rf1 57. Kb6 Rd1 58. Rc7+ Kd8 59.
Ra7 Bf3 60. Kxa5 b3 61. axb3 Ra1+ 62. Kb6 Rxa7 63. Nxa7 f4 64. Nb5 Bd5 65. Nd4
Kd7 66. Kc5 f3 67. Nxf3 Bxf3 68. b4 Be2 1/2-1/2